Statistics for Disney Animation Characters by Picture

Click here to take the quiz!

General Stats

  • This quiz has been taken 398 times
  • The average score is 13 of 16

Answer Stats

Answer% Correct
Olaf
98%
Aladdin
96%
Cinderella
96%
Snow White
96%
Mulan
95%
Tarzan
94%
Dumbo
92%
Tinker Bell
92%
Simba
91%
Sebastian
73%
Maui
72%
Baloo
71%
Jiminy Cricket
62%
Thumper
60%
Cheshire Cat
55%
John Smith
52%

Score Distribution

Percentile by Number Answered

Percent of People with Each Score

Your Score History

You have not taken this quiz